00582cam a2200181 i 4500020001800000020001500018041000800033082001800041100002300059245007300082260003900155300002100194650002000215650002100235942000700256952012000263999001700383 a9788178245379 a817824537X aENG04a297.0954bROB1 aRobinson, Francis,14aThe Muslim world in modern South Asia : Power , Authority, Knowledge aHyderabadbOrient Black Swanc2019 axix, 397 pages ; 0aIslamic renewal 0aIslamic renewal. cBK 00104070aHMIbHMIcGENd2021-10-12eOrient BlackSwang995.00l0o297.0954 ROBp25834r2021-10-12w2021-10-12yBK c23149d23149